Statystyki dla 15 krajów o największej liczbie zgonów Covid19 - 4 sierpnia

Kliknij tutaj aby rozwiązać quiz!

Ogólne statystyki

  • Ten quiz został rozwiązany 22 razy
  • Średni wynik to 11 z 20

Statystyki odpowiedzi

kraj% Poprawnych
Stany Zjednoczone
95%
Brazylia
84%
Hiszpania
84%
Włochy
79%
Indie
74%
Niemcy
74%
Rosja
74%
Francja
68%
Meksyk
68%
Wielka Brytania
63%
Chile
53%
Kolumbia
53%
Iran
47%
Peru
47%
Szwecja
37%
Ekwador
26%
Holandia
26%
Belgia
21%
Irlandia
21%
Panama
16%

Rozkład punktacji

Percentyl według liczby udzielonych odpowiedzi

Procent ludzi z każdym wynikiem

Twoja historia wyników

Nie rozwiązałeś tego quizu